| 000 | 00627nam a2200181Ia 4500 | ||
|---|---|---|---|
| 008 | 100920s9999 xx 000 0 und d | ||
| 082 |
_b55106 _a375 थ 89 |
||
| 100 | _aकवी माधवी. | ||
| 245 | _aविज्ञान-प्रश्नमंजुषा. | ||
| 260 |
_bउन्मेष प्रकाशन, पुणे. _c1989 |
||
| 300 |
_a107 _bसाधी |
||
| 365 | _b35 | ||
| 520 | _aशालो. | ||
| 630 | _aविज्ञान-प्रश्नमंजुषा. | ||
| 650 | _aशालो. | ||
| 730 | _aविज्ञान-प्रश्नमंजुषा. | ||
| 942 | _cBOOK | ||
| 999 |
_c699595 _d699592 |
||